00840nam a2200217 4500001000700000003000900007005001700016007000300033008004100036100005900077245009700136250001500233260004200248300002200290490004800312700003400360830005600394852003200450999001900482952012100501110167ES-MaACL20230906185004.0t|061121s1956 sp r ||||1| spa d1 aOrczy, Emmuska Orczy, cBaroness (d1865-1947)917295613aEl águila de bronce / cBaronesa d'Orczy ; [versión española de Elizabeth Metzenroth]. a[1ª ed.]. aBarcelona : bLuis de Caralt, c1956. a203 p. ; c18 cm.1 aBiblioteca internacional. Los libros de hoy1 aMetzenroth, Elizabeth.9807480 aBiblioteca internacional. Los libros de hoy9185611 aES-MaACLjC-11092 bR.39064 c110167d110167 00104070aATENEOMbATENEOMcSPALd2008-01-17eSCl0oC-11092p1114937r2023-02-23 00:00:00w2023-02-23yMONOGRAFIA